Dr Jan Piotrowski (1947-2004)

Titel: Dr Jan Piotrowski (1947-2004) : Przemówienie pogrzebowe
Verfasser:
In: Wrocławskie Towarzystwo Naukowe. Komisja Językowa: Rozprawy Komisji Językowej, Band 31 (2005), Seite 5-6, il. 1
alle Artikel anzeigen
Veröffentlicht: 2005
Format: Aufsatz
Sprache: Polnisch
Kein Bild verfügbar
X
alg: 39457697
001A    $01999:12-11-16 
001B    $01999:30-05-21 $t14:36:02.000 
001C    $06050:19-11-16 $t08:50:35.000 
001D    $01999:12-11-16 
001U    $0utf8 
001X    $00 
002@    $0Aox 
003@    $0394576977 
007A    $0394576977 $aHEB 
007T    $0Herdww029236 
010@    $apol 
011@    $a2005 
021A    $aDr Jan Piotrowski (1947-2004) $dPrzemówienie pogrzebowe 
027A    $aDr. Jan Piotrowski (1947-2004). Eine Grabrede 
028A    $7119291452 $8Miodek, Jan$Z1946- [Tp1] $908763130X 
031A    $d31 $h5-6, il. 1 $j2005 
039B    $aIn $8--Abvc--Wrocławskie Towarzystwo Naukowe$bKomisja Językowa [Tb1]. Rozprawy Komisji Językowej. - Wrocław {[u.a.] : Państw. Wydawn. Naukowe, 1959-2015. - ISSN 0084-2990 $x200500000310000995 $9047286199 
045F    $a929.094385 $eDDC23BSB 
045F/01 $a929 
045F/03 $g4385 
045T    $a7,11 $a7,39 
045T    $aLING $qDE-30 $2FID 
046C    $aDr. Jan Piotrowski (1947-2004). Eine Grabrede $bÜbers. des Hauptsacht. 

lok: 39457697 78

exp: 39457697 78 1 #EPN
201B/01 $020-11-17 $t23:23:17.000 
201U/01 $0utf8 
203@/01 $0790687402 
208@/01 $a12-11-16 $be 
209A/01 $a/ $f000 $x00 
220C/01 $aTitelaufnehmer: AH 
220C/01 $aHerkunft: IH UWr 
244Z/01 $2Trx $#Silesia $#Śląsk $#Sliezsko $#Slezsko $8--Trx--Schlesien $x01 $9391173987 
244Z/01 $#Breslau $#Wrocław $#Wrotizla $#Breßlau $#Breßlaw $#Vroclav $#Vratislav $#Vratislavia $#Vratislauiae $#Bresslau $#Wratislavia $#Brassel $#Bresla $#Wratislava $#Smirna $#Breslavia $#Wroclaw $74008216-7 $8--Tg1--Breslau $x02 $9085014184 
244Z/01 $aGeschichte 1947-2004 $x03 
244Z/01 $2Trx $8--Trx--Piotrowski, Jan$Z1947-2004 $x04 $939061856X 
244Z/01 $2Trx $#kirjandusteadlased $#literatūrologai $#literature specialist $#irodalomtudós $#filolodzy $#literárni vedci $#literární vědci $#literaturoznawcy $#historycy literatury $8--Trx--Literaturwissenschaftler $x05 $9391367455 
244Z/01 $2Trx $8--Trx--Zeitschriftenaufsatz $x06 $9391384341 
245Z/01 $a12.03 $x01 
247C/01 $82080>Marburg/Lahn, Herder-Institut, Forschungsbibliothek, Bibliographieportal $9336309341
LEADER 00000caa a22000002c 4500
001 394576977
003 DE-603
005 20210530143602.0
007 tu
008 161112s2005 xx |||| | u00||u|pol c
035 |a (DE-599)HEB394576977 
040 |a DE-603  |b ger  |c DE-603  |d DE-603 
041 |a pol 
082 0 4 |8 1\u  |a 929.094385  |q DE-101  |2 23/BSB 
084 |a 7,11  |a 7,39  |2 ssgn 
084 |a LING  |q DE-30  |2 fid 
085 |8 1\u  |b 929 
085 |8 1\u  |z 2  |s 4385 
100 1 |a Miodek, Jan  |d 1946-  |0 (DE-603)08763130X  |0 (DE-588)119291452  |2 gnd 
245 0 0 |a Dr Jan Piotrowski (1947-2004)  |b Przemówienie pogrzebowe 
246 1 |i Übers. des Hauptsacht.  |a Dr. Jan Piotrowski (1947-2004). Eine Grabrede 
246 1 3 |a Dr. Jan Piotrowski (1947-2004). Eine Grabrede 
264 0 |c 2005 
773 0 8 |i In  |a Wrocławskie Towarzystwo Naukowe. Komisja Językowa  |t Rozprawy Komisji Językowej  |d Wrocław ˜[u.a.] œ: Państw. Wydawn. Naukowe, 1959-2015  |x 0084-2990  |g Band 31 (2005), Seite 5-6, il. 1  |w (DE-603)047286199  |w (DE-600)205639-2 
924 0 |9 2080  |a (DE-603)790687402  |b DE-2080  |c HES  |d d  |g /